000 01200nam a2200349 i 4500
001 7190
003 KOSZ 005
005 20200630132816.0
008 960808s1969 pl a f f |001 0 pol d
040 _aKOSZ 005/HR
_cKOSZ 005/HR
_dKOSZ 005/RW
046 _k1969
080 _a621.315
080 _a681.5
080 _a(075.8)
100 1 _aRoszczyk, Stefan
_d(1918-1996)
_eAutor
245 1 0 _aElektromaszynowe elementy automatyki /
_cStefan Roszczyk, Zdzisław Manitius.
260 _aWarszawa :
_bPaństwowe Wydawnictwo Naukowe,
_c1969.
300 _a204, [2] strony :
_bilustracje ;
_c25 cm.
336 _aTekst
_btxt
_2rdacontent
337 _aBez urządzenia pośredniczącego
_bn
_2rdamedia
338 _aWolumin
_bnc
_2rdacarrier
380 _aKsiążki
388 _a1901-2000
504 _aBibliografia przy rozdziałach. Indeks.
658 _aInżynieria i technika
650 4 _aAutomatyka
650 4 _aMaszyny elektryczne
700 1 _aManitius, Zdzisław.
_eAutor
710 2 _aPaństwowe Wydawnictwo Naukowe
_4pbl.
856 _uhttp://koha.tu.koszalin.pl/cgi-bin/koha/opac-detail.pl?biblionumber=7190
_yKatalog online BPK
942 _cKS
_2UKD
999 _c7190
_d7190